00554nam a2200169 i 450000100060000000300090000600500170001500700030003200800410003510000370007624500380011326000410015130000210019285200320021399900170024595201220026289849ES-MaACL20230906180303.0t|050114s1972 sp ||||1| spa d1 aLasuén, José Ramón.97050610aMarx 1972 / cJosé R. Lasuén. a[Algorta (Vizcaya) : bZero, c1972] a71 p. ; c17 cm. aES-MaACLjC-43918 bR.82770 c89849d89849 00104070aATENEOMbATENEOMcDEPO2d2008-01-17eSCl0oC-43918p1093832r2023-02-23 00:00:00w2023-02-23yMONOGRAFIA